书目信息 |
| 题名: |
现代日语构词解析
|
|
| 作者: | 吕玉新 著 | |
| 分册: | ||
| 出版信息: | 北京 电子工业出版社 1987 |
|
| 页数: | 117页 | |
| 开本: | 19cm | |
| 丛书名: | ||
| 单 册: | ||
| 中图分类: | H364.1 | |
| 科图分类: | ||
| 主题词: | 日语-构词法 , 构词法-日语 | |
| 电子资源: | ||
| ISBN: | 7-5053-0110-1 | |
| 000 | 00647nam0 2200241 45 | |
| 001 | 0187004435 | |
| 005 | 20040510153312.2 | |
| 010 | @a7-5053-0110-1@dCNY1.40 | |
| 100 | @a19900808d1987 ke y0chiy0121 ea | |
| 101 | 0 | @achi |
| 102 | @aCN@b110000 | |
| 105 | @ay z 000yy | |
| 106 | @ar | |
| 200 | 10 | @a现代日语构词解析@Axian dai ri yu gou ci jie xi@f吕玉新著 |
| 210 | @a北京@c电子工业出版社@d1987 | |
| 215 | @a117页@d19cm | |
| 606 | @a日语-构词法 | |
| 606 | @a构词法-日语 | |
| 690 | @aH364.1@v3 | |
| 701 | 0 | @a吕玉新@Alv yu xin@4著 |
| 801 | 0 | @aCN@b深圳图书馆@c20040510 |
| 801 | 2 | @aCN@bNLC@c20040510 |
| 905 | @f2@b207581-582@dH364.1@e171 | |
| 现代日语构词解析/吕玉新著.-北京:电子工业出版社,1987 |
| 117页;19cm |
| ISBN 7-5053-0110-1:CNY1.40 |
| ● |
| 相关链接 |
|
|
|
|
正题名:现代日语构词解析
索取号:H364.1/171
 
预约/预借
| 序号 | 登录号 | 条形码 | 馆藏地/架位号 | 状态 | 备注 |
| 1 | 0207581 | 001166892 | 第四借阅区/ [索取号:H364.1/171] | 在馆 | |
| 2 | 0207582 | 001166909 | 第四借阅区/ [索取号:H364.1/171] | 在馆 | |
| 3 | 0207583 | 001166918 | 第二样本阅览室/ [索取号:H364.1/171] | 在馆 |